| 000 | 00827cam a2200217 a 4500 | ||
|---|---|---|---|
| 001 | 000010651 | ||
| 005 | 20200929162250.0 | ||
| 008 | 791218s1976 ve b s001 0 spa | ||
| 040 |
_aDO-SdBNP _bspa _cBNPHU |
||
| 082 |
_a530.4 _bP438c |
||
| 100 | 1 |
_aPérez Estévez, Antonio. _925787 |
|
| 245 | 1 | 3 |
_aEl concepto de materia al comienzo de la Escuela Franciscana de París / _cAntonio Pérez Estévez. |
| 260 |
_aMaracaibo, Venezuela : _bUniversidad de Zulia;, _c1976. |
||
| 300 |
_a141 p. ; _c23 cm. |
||
| 500 | _aIncluye datos biográficos del autor en la contracubierta | ||
| 504 | _aBibliografía: p. 124-133. | ||
| 650 | 4 |
_aMateria _925788 |
|
| 600 | 0 | 0 |
_aBONAVENTURE, _cSAINT, CARDINAL, _dca. 1217-1274. _925789 |
| 600 | 0 | 0 |
_aRICARDUS, _cDE MEDIAVILLA, _dca. 1249-1308? _925790 |
| 610 | 2 | 0 |
_aFRANCISCANS _zFRANCE _zPARÍS. _925791 |
| 999 |
_c10406 _d10406 |
||